[Event "Mephisto-GM-Turnier"]
[Site "Altensteig"]
[Date "1993.??.??"]
[Round "1"]
[White "Zueger, Beat"]
[Black "Vogt, Lothar"]
[Result "0-1"]
[WhiteElo "2395"]
[BlackElo "2495"]

1.d4 Nf6 2.Nf3 g6 3.c4 Bg7 4.Nc3 O-O 5.e4 d6 6.Be2 e5 7.O-O Nbd7 8.Qc2 Nh5
9.Bg5 f6 10.Be3 Nf4 11.Bxf4 exf4 12.Rad1 c6 13.c5 dxc5 14.d5 Kh8 15.dxc6 bxc6
16.Rd6 Qc7 17.Rfd1 Nb6 18.Na4 Re8 19.Nxc5 Nd5 20.e5 fxe5 21.Ne4 Bf5 22.Rxc6 Qa5
23.Rc5 Bxe4 24.Rxa5 Bxc2 25.Rdxd5 Re7 26.Rdc5 Bf5 27.Bc4 e4 28.Ne5 Rd8 29.g4 Bc8
30.Nf7+ Rxf7 31.Bxf7 Bxg4 32.Rd5 Rf8 33.Rxa7 Bxb2 34.Rd2 Bc3 35.Rc2 Bd4 36.Rac7 e3
37.fxe3 fxe3  0-1

[Event "Altensteig-B"]
[Site "Altensteig"]
[Date "1993.??.??"]
[Round "1"]
[White "Kloepfer, Markus"]
[Black "Ullrich, Farid Raoul"]
[Result "0-1"]
[WhiteElo "2195"]
[BlackElo "2255"]

1.d4 Nf6 2.c4 g6 3.Nc3 Bg7 4.e4 d6 5.Nf3 O-O 6.Be2 e5 7.d5 Na6 8.Nd2 c5 9.O-O Nd7
10.Nf3 f5 11.exf5 gxf5 12.Ng5 Nc7 13.f4 e4 14.Be3 Nf6 15.Qd2 a6 16.a4 h6
17.Nh3 b6 18.Nf2 h5 19.h3 h4 20.Kh2 Bd7 21.Nh1 Kf7 22.Rg1 Rh8 23.Qe1 Qg8
24.Rb1 a5 25.Qd2 Qh7 26.Nf2 Nh5 27.Bd1 Rag8 28.b3 Bf6 29.Bc2 Ng3 30.Rbe1 Qg7
31.Nh1 Bxc3  0-1

[Event "Altensteig-B"]
[Site "Altensteig"]
[Date "1993.??.??"]
[Round "2"]
[White "Schmitt, Axel"]
[Black "Votava, Jan"]
[Result "1-0"]
[WhiteElo "2345"]
[BlackElo "2425"]

1.c4 Nf6 2.Nf3 g6 3.Nc3 Bg7 4.e4 d6 5.d4 O-O 6.Be2 e5 7.O-O Na6 8.Be3 Ng4
9.Bg5 f6 10.Bd2 c6 11.h3 Nh6 12.Be3 Qe7 13.c5 dxc5 14.dxe5 fxe5 15.Bxa6 bxa6
16.Na4 Rd8 17.Qc2 Nf7 18.Nxc5 Qf6 19.Nh2 h5 20.Rfd1 Kh7 21.Rxd8 Nxd8 22.Rd1 Nf7
23.b3 Bh6 24.Bxh6 Kxh6 25.Rd3 Ng5 26.Qd2 Kg7 27.h4 Nf7 28.Nf3 Qe7 29.Na4 Bg4
30.Ng5 Rf8 31.Nxf7 Qxf7 32.f3 Bc8 33.Qg5 Re8 34.Rd6 Re6 35.Rxe6 Qxe6 36.Nb2 a5
37.Nc4 a4 38.Qxe5+ Qxe5 39.Nxe5 axb3 40.axb3 c5 41.Nd3 c4 42.bxc4 a5 43.Nc5 Kf6
44.Kf2 Be6 45.Nxe6  1-0

[Event "Alushta3"]
[Site "Alushta"]
[Date "1993.??.??"]
[Round "?"]
[White "Tosic, Miroslav"]
[Black "Kuzmin, Gennadi P"]
[Result "1/2-1/2"]
[WhiteElo "2465"]
[BlackElo "2500"]

1.d4 d6 2.Nf3 g6 3.e4 Bg7 4.c4 Nf6 5.Nc3 O-O 6.Be2 Na6 7.O-O e5 8.Bg5 h6
9.Bxf6 Qxf6 10.d5 h5 11.a3 g5 12.b4 g4 13.Ne1 Qg6 14.Nc2 f5 15.exf5 Bxf5
16.Ne3 e4 17.Rc1 Bd7 18.Nb5 Kh8 19.c5 dxc5 20.bxc5 c6 21.Nd6 Nxc5 22.dxc6 Nd3
23.Bxd3 exd3 24.cxd7 Qxd6 25.h3 Rad8 26.hxg4 Rxd7 27.Qa4 a6 28.Rc5 Qxc5 29.Qxd7 hxg4
30.Qxg4 Bd4 31.Qh3+ Kg8 32.Rd1 Bxe3 33.Qxe3 Qxe3 34.fxe3 Rd8 35.Kf2 Kf7 36.e4  1/2-1/2

[Event "Ano Liosia op"]
[Site "Ano Liosia"]
[Date "1993.??.??"]
[Round "4"]
[White "Nikolaidis, Ioannis"]
[Black "Mainka, Romuald"]
[Result "1/2-1/2"]
[WhiteElo "2440"]
[BlackElo "2515"]

1.Nf3 Nf6 2.c4 g6 3.Nc3 Bg7 4.e4 d6 5.d4 O-O 6.Be2 e5 7.Be3 Ng4 8.Bg5 f6
9.Bc1 Nc6 10.d5 Ne7 11.Nd2 Nh6 12.b4 f5 13.c5 Kh8 14.Nc4 Nf7 15.f3 f4 16.g4 h5
17.h4 c6 18.Bb2 dxc5 19.bxc5 cxd5 20.exd5 b5 21.Nxb5 hxg4 22.fxg4 Rb8 23.Nbd6 Nxd6
24.cxd6 Rxb2 25.dxe7 Rxe2+ 26.Qxe2 Qxe7 27.h5 g5 28.Qe4 Bxg4 29.h6 Bf6 30.Rb1 Bc8
31.d6 Qh7 32.Qxh7+ Kxh7 33.Rb8 Rd8 34.O-O e4 35.Kh2 Ba6 36.Rxd8 Bxd8 37.Re1 Bxc4
38.Rxe4 Bf7 39.d7 Kxh6 40.Re8 Bc7 41.Rc8 Ba5 42.Rc5  1/2-1/2

[Event "Ano Liosia op"]
[Site "Ano Liosia"]
[Date "1993.??.??"]
[Round "5"]
[White "Pavlovic, Milos"]
[Black "Grivas, Efstratios"]
[Result "0-1"]
[WhiteElo "2455"]
[BlackElo "2505"]

1.d4 Nf6 2.c4 g6 3.Nf3 Bg7 4.e4 d6 5.Nc3 O-O 6.Be2 e5 7.d5 a5 8.Bg5 h6 9.Bh4 Na6
10.Nd2 Qe8 11.O-O Bd7 12.b3 Nh7 13.a3 f5 14.f3 b6 15.Rb1 f4 16.b4 axb4 17.axb4 g5
18.Bf2 h5 19.Nb5 Qg6 20.c5 bxc5 21.bxc5 g4 22.c6 Bc8 23.Qe1 Bh6 24.Bh4 Rf7
25.Kh1 Rg7 26.Rg1 Bg5 27.Bxg5 Qxg5 28.g3 Nc5 29.Rc1 Nf6 30.gxf4 Qxf4 31.Rc2 gxf3
32.Rxg7+ Kxg7 33.Bxf3 Ng4 34.Bxg4 Bxg4 35.Qg3 Ra1+ 36.Kg2 Qg5 37.Nf3 Qe3
38.Rf2  0-1

[Event "Arandjelovac"]
[Site "Arandjelovac"]
[Date "1993.??.??"]
[Round "2"]
[White "Miladinovic, Igor"]
[Black "Ivanov, Jordan"]
[Result "1/2-1/2"]
[WhiteElo "2440"]
[BlackElo "2420"]

1.d4 Nf6 2.c4 g6 3.Nc3 Bg7 4.e4 d6 5.Nf3 O-O 6.Be2 e5 7.O-O Nbd7 8.d5 Nc5
9.Qc2 a5 10.Bg5 h6 11.Be3 Nh5 12.g3 Bd7 13.Nd2 Nf6 14.b3 Ng4 15.Bxg4 Bxg4
16.f3 Bh3 17.Rfe1 f5 18.Bxc5 dxc5 19.Nd1 fxe4 20.Nf2 Bd7 21.Nfxe4 b6 22.a4 Qe7
23.Re2  1/2-1/2

[Event "Arandjelovac"]
[Site "Arandjelovac"]
[Date "1993.??.??"]
[Round "3"]
[White "Jovanovic, Sasa D"]
[Black "Ilincic, Zlatko"]
[Result "0-1"]
[WhiteElo "2290"]
[BlackElo "2470"]

1.d4 Nf6 2.c4 g6 3.Nc3 Bg7 4.e4 d6 5.Nf3 O-O 6.Be2 e5 7.O-O Na6 8.Re1 exd4
9.Nxd4 Nc5 10.Bf1 a5 11.Ndb5 Bd7 12.Bg5 h6 13.Bh4 Bc6 14.Qc2 g5 15.Bg3 Nfxe4
16.Nxe4 Nxe4 17.Rxe4 f5 18.Re6 f4 19.Rae1 fxg3 20.hxg3 Rf7 21.Bd3 Bd7 22.R6e3 Be5
23.c5 Kg7 24.cxd6 cxd6 25.Qe2 Qb6 26.a4 Raf8 27.Qh5 Rf6 28.Rf3 Bc6 29.Be4 Bxg3
30.Rxg3 Qxf2+ 31.Kh2 Qxe1 32.Rxg5+ Kh8 33.Bg6 Rxg6 34.Rxg6 Qe5+ 35.Qxe5+ dxe5
36.Rxh6+ Kg7 37.Re6 Rf2 38.Rxe5 Kf6 39.Rc5 Rxg2+ 40.Kh3 Rxb2 41.Kg3 Bxb5
42.axb5 a4 43.Kf4 a3 44.Rc3 a2 45.Ra3 Rb4+  0-1

[Event "Arandjelovac"]
[Site "Arandjelovac"]
[Date "1993.??.??"]
[Round "4"]
[White "Cvetkovic, Srdjan"]
[Black "Ivanov, Jordan"]
[Result "1-0"]
[WhiteElo "2500"]
[BlackElo "2420"]

1.c4 g6 2.e4 Bg7 3.d4 d6 4.Nc3 Nf6 5.Nf3 O-O 6.Be2 Nbd7 7.O-O e5 8.Re1 c6
9.d5 Nc5 10.Bg5 a5 11.Nd2 h6 12.Be3 Nfd7 13.Nb3 Nxb3 14.Qxb3 c5 15.Nb5 Nf6
16.Qc2 Kh7 17.a3 Ne8 18.b4 b6 19.bxc5 bxc5 20.Rab1 Bf6 21.Rb3 Bg5 22.Bxg5 Qxg5
23.Reb1 Qe7 24.Nc3 Nf6 25.Rb8 Ba6 26.Rxa8 Rxa8 27.Qa4 Ra7 28.Qc6 Bb7 29.Qb6 Ba6
30.Qb8 Kg7 31.Rb6 Ne8 32.g3 Kf8 33.Nb5 Rb7 34.Rxb7 Bxb7 35.Qa7 f5 36.exf5 gxf5
37.Bh5 Nf6 38.Qb8+ Kg7 39.Nxd6  1-0

[Event "Arandjelovac"]
[Site "Arandjelovac"]
[Date "1993.??.??"]
[Round "10"]
[White "Cvetkovic, Srdjan"]
[Black "Ilincic, Zlatko"]
[Result "1-0"]
[WhiteElo "2500"]
[BlackElo "2470"]

1.c4 Nf6 2.Nc3 g6 3.e4 d6 4.d4 Bg7 5.Nf3 O-O 6.Be2 e5 7.O-O Na6 8.Re1 Qe8
9.dxe5 dxe5 10.b3 Nd7 11.Ba3 Ndc5 12.b4 Ne6 13.b5 Nac5 14.Ng5 b6 15.Nxe6 fxe6
16.Na4 Qe7 17.Nxc5 bxc5 18.Qc1 Rd8 19.Qe3 Bf8 20.Bb2 Bg7 21.a4 Bb7 22.a5 Rab8
23.Bc3 Rd7 24.Rad1 Rbd8 25.Rxd7 Rxd7 26.Rd1 Rxd1+ 27.Bxd1 h5 28.g4 hxg4 29.Bxg4 Bc8
30.Kg2 Qh4 31.Qg3 Qf6 32.h4 Kh7 33.Bf3 Bb7 34.Bb2 Kg8 35.Bc1 Kh7 36.Qg5 Qxg5+
37.Bxg5 Bf8 38.Bd8 Bd6 39.Kg3 a6 40.bxa6 Bxa6 41.Be2 Bb7 42.f3 Kg7 43.Kg4 Kf7
44.Kg5 Ba6 45.Bd3 Bb7 46.Bf6 Ba6 47.f4 c6 48.Bxe5 Be7+ 49.Kg4 Bd8 50.Bc3 Bc8
51.f5 exf5+ 52.exf5 Be7 53.Kf4 gxf5 54.h5 Ba6 55.Kxf5 Bc8+ 56.Kf4 Bf8 57.Bg6+  1-0

[Event "Athens op"]
[Site "Athens"]
[Date "1993.??.??"]
[Round "6"]
[White "Mohr, Georg"]
[Black "Atalik, Suat"]
[Result "1-0"]
[WhiteElo "2450"]
[BlackElo "2535"]

1.Nf3 Nf6 2.c4 g6 3.Nc3 Bg7 4.e4 d6 5.d4 O-O 6.Be2 e5 7.O-O Na6 8.Be3 Ng4
9.Bg5 Qe8 10.dxe5 dxe5 11.Nd2 h5 12.f3 Nf6 13.Nd5 Qe6 14.Bxf6 Bxf6 15.c5 Bd8
16.Bc4 Qc6 17.Bxa6 Qxa6 18.Qc2 c6 19.Nb4 Qa5 20.Nd3 Qc7 21.Nc4 Bf6 22.Qc3 Be6
23.Nd6 Qe7 24.Nxe5 g5 25.f4 gxf4 26.Rxf4 Bg4 27.Nxc6 Qxd6 28.Rxf6 Qc7 29.Qe3  1-0

[Event "Athens op"]
[Site "Athens"]
[Date "1993.??.??"]
[Round "7"]
[White "Ermenkov, Evgenij"]
[Black "Radovanovic, Jovica"]
[Result "0-1"]
[WhiteElo "2495"]
[BlackElo "2230"]

1.d4 Nf6 2.c4 g6 3.Nc3 Bg7 4.e4 O-O 5.Nf3 d6 6.Be2 e5 7.O-O Na6 8.d5 Nc5
9.Qc2 a5 10.Bg5 h6 11.Be3 Nh5 12.g3 Nf6 13.Nh4 c6 14.f3 Bd7 15.dxc6 Bxc6
16.Rfd1 Ne6 17.c5 Nd7 18.Rxd6 Nd4 19.Qd1 Bf6 20.Bc4 Kh7 21.Nd5 Bxh4 22.Bxd4 exd4
23.gxh4 Qxh4 24.Qxd4 f5 25.Nc7 Nf6 26.Rxf6 Rxf6 27.Nxa8 fxe4 28.Qd8 h5 29.Kh1 exf3
30.Qg8+ Kh6 31.Qh8+ Kg5 32.Rg1+ Kf4 33.Qh6+ Ke4 34.Bf1 Qf4  0-1

[Event "AUT-chT"]
[Site "?"]
[Date "1993.??.??"]
[Round "?"]
[White "Danner, Georg"]
[Black "Freitag, Manfred"]
[Result "1-0"]
[WhiteElo "2340"]
[BlackElo "2245"]

1.d4 Nf6 2.c4 g6 3.Nc3 Bg7 4.e4 d6 5.Nf3 O-O 6.Be2 e5 7.d5 a5 8.Bg5 h6 9.Bh4 Na6
10.Nd2 Qe8 11.a3 Bd7 12.b3 Nh7 13.f3 f5 14.Rb1 Nf6 15.Bf2 f4 16.b4 axb4 17.axb4 b6
18.Bd3 g5 19.Qe2 Bc8 20.O-O g4 21.Ra1 g3 22.hxg3 fxg3 23.Bxg3 Nh5 24.Bh2 Nf4
25.Qe3 Qg6 26.g3 Qg5 27.Kh1 Bh3 28.Rg1 Nxd3 29.Qxd3 Nxb4 30.Qe2 Nc2 31.Rxa8 Rxa8
32.f4 Qg4 33.Qxg4 Bxg4 34.Rc1 Nd4 35.Kg2 Ra3 36.Bg1 Nb3 37.Nxb3 Rxb3 38.f5 Rb2+
39.Kf1 h5 40.Be3 Bh3+ 41.Ke1 Bf6 42.Ra1 Rc2 43.Bd2 Bg5 44.Bxg5 Rxc3 45.Ra8+ Kf7
46.Bh6 Rf3 47.Rf8+ Ke7 48.Rg8 Kf6 49.Rg6+ Kf7 50.Rg7+ Ke8 51.Rxc7 Rxg3 52.f6 Rg1+
53.Ke2  1-0

[Event "AUT-chT"]
[Site "?"]
[Date "1993.??.??"]
[Round "?"]
[White "Postl, Anton"]
[Black "Duer, Arne"]
[Result "1-0"]
[WhiteElo "2265"]
[BlackElo "2390"]

1.d4 Nf6 2.c4 d6 3.Nf3 g6 4.Nc3 Bg7 5.e4 O-O 6.Be2 Nbd7 7.O-O e5 8.Re1 h6
9.Bf1 Nh7 10.dxe5 dxe5 11.b3 Re8 12.Bb2 c6 13.Qd2 Qe7 14.Rad1 Ndf8 15.h3 Be6
16.Qe3 Nd7 17.Na4 Nhf8 18.g3 Kh7 19.Rd2 Bf6 20.Kh2 Kg7 21.Red1 Nh7 22.Rd6 Ng5
23.Nxg5 hxg5 24.Nc5 Nxc5 25.Qxc5 b6 26.Qxc6 Rac8 27.Qb5 Rh8 28.R1d3 g4 29.Ba3 Rh5
30.Qa6 Qe8 31.Kg1 gxh3 32.Kh2 Rc7 33.Be2 Rh8 34.Bb4 g5 35.Bc3 g4 36.Qa3 Rh5
37.Qb2 Rc6 38.f4 gxf3 39.Bxf3 Rg5 40.Qd2 Rxd6 41.Rxd6 Kh7 42.Qf2 Be7 43.Bd2 Rg8
44.Rd3 Bg5 45.Bxg5 Rxg5 46.g4 Kg6 47.Be2 Qg8 48.Rxh3 Qg7 49.b4 f6 50.Rh4 Qd7
51.Qe3 Kg7 52.a3 Qa4 53.Qd3 Qc6 54.c5 Qc7 55.Qd6 Qxd6 56.cxd6 Bd7 57.Kg3 Rg6
58.Rh1 f5 59.exf5 Rxd6 60.Rd1 Rxd1 61.Bxd1 Kf6 62.Kh4 e4 63.Be2 a5 64.Bc4 axb4
65.axb4 Bc8 66.Kh5 e3 67.Kh4 Ke5 68.Kg3 Bb7 69.Bd3 Kd4 70.Be2 Ke5 71.Kh4 Kf6
72.Kh5 Be4 73.Kh6 Bc2 74.b5 Be4 75.g5+ Kxf5 76.g6 Kf4 77.g7 Bd5 78.Kg6 Kg3
79.Kf6 Kf2 80.Ke5 Bg8 81.Bd3 Bh7 82.Bxh7 e2 83.g8=Q e1=Q+ 84.Be4 Qc3+ 85.Kf5 Qc5+
86.Qd5 Qf8+ 87.Ke6 Qh6+ 88.Kd7 Qg7+ 89.Kc6 Qf6+ 90.Kb7 Qe7+ 91.Kxb6 Qf6+
92.Qc6 Qd8+ 93.Qc7 Qf6+ 94.Kb7 Ke3 95.Qb6+  1-0

[Event "AUT-chT"]
[Site "?"]
[Date "1993.??.??"]
[Round "?"]
[White "Brestian, Egon"]
[Black "Postl, Anton"]
[Result "1-0"]
[WhiteElo "2450"]
[BlackElo "2265"]

1.Nf3 Nf6 2.d4 g6 3.c4 Bg7 4.Nc3 O-O 5.e4 d6 6.Be2 e5 7.dxe5 dxe5 8.Qxd8 Rxd8
9.Bg5 Nbd7 10.O-O-O Rf8 11.Nd2 Nc5 12.Be3 Ne6 13.Nb3 c6 14.g3 Re8 15.f3 Bf8
16.Rd2 Nd7 17.Na4 c5 18.Nc3 Nd4 19.Nd5 Bd6 20.h4 b6 21.h5 Bb7 22.Bd1 Bxd5
23.cxd5 Bf8 24.Rdh2 Bg7 25.hxg6 hxg6 26.Nd2 b5 27.b3 Nf6 28.Bxd4 exd4 29.Be2 a6
30.Bd3 Rac8 31.Kb1 Nd7 32.f4 Nb6 33.d6 c4 34.bxc4 bxc4 35.d7 Nxd7 36.Bxc4 Rb8+
37.Kc2 Rec8 38.e5 Rb4 39.Kd3 g5 40.Rc1 Nb6 41.Rhh1 Rb2 42.Bb3 Rxc1 43.Rxc1 gxf4
44.gxf4 Bh6 45.Rf1 a5 46.Nc4 Nxc4 47.Bxc4 Rh2 48.Kxd4 Rh4 49.Ke4 Kf8 50.Rf2 Rh3
51.Kf5 Rc3 52.Bb3 Rd3 53.Rh2 Kg7 54.Rxh6 Kxh6 55.Kf6 Rd7 56.Bxf7 Ra7 57.e6 Ra6
58.Bg6 a4 59.Kf7 Ra5  1-0

[Event "AUT-chT"]
[Site "?"]
[Date "1993.??.??"]
[Round "?"]
[White "Kwatschewsky, Leo"]
[Black "Fauland, Alexander"]
[Result "1/2-1/2"]
[WhiteElo "2305"]
[BlackElo "2425"]

1.d4 Nf6 2.Nf3 g6 3.c4 Bg7 4.Nc3 O-O 5.e4 d6 6.Be2 e5 7.dxe5 dxe5 8.Qxd8 Rxd8
9.Nd5 Ne8 10.Be3 Nc6 11.Rd1 Bg4 12.O-O Bxf3 13.Bxf3 Nd4 14.Bxd4 exd4 15.Nf4 Nd6
16.c5 Nc4 17.Nd3 c6 18.Rc1 Nd2 19.Rfd1 Nxf3+ 20.gxf3 Re8 21.Re1 f5 22.Rc2 Re7
23.b3 Rae8 24.Rce2 Kf7 25.Kf1 g5 26.h3 Re6 27.b4 h5 28.exf5 Rxe2 29.Rxe2 Rxe2
30.Kxe2 Kf6 31.f4 g4 32.hxg4 hxg4 33.Ne5 Kxf5 34.Nc4 Kxf4 35.Nd6 b6 36.b5 Bf6
37.bxc6 Bd8 38.cxb6 Bxb6 39.Nb5 Ke4 40.c7 d3+ 41.Kd1 Bxc7 42.Nxc7 Kf3 43.Ke1 d2+
44.Kxd2 Kxf2 45.Nd5 g3 46.Ne3 g2 47.Nxg2 Kxg2  1/2-1/2

[Event "AUT-chT"]
[Site "?"]
[Date "1993.??.??"]
[Round "?"]
[White "Danner, Georg"]
[Black "Stoppel, Franz"]
[Result "1-0"]
[WhiteElo "2385"]
[BlackElo "2260"]

1.d4 Nf6 2.c4 g6 3.Nc3 Bg7 4.e4 d6 5.Nf3 O-O 6.Be2 e5 7.d5 a5 8.Bg5 h6 9.Bh4 Na6
10.Nd2 Qe8 11.a3 Bd7 12.b3 h5 13.Rb1 Nc5 14.f3 Nh7 15.b4 axb4 16.axb4 Na4
17.Qc2 Nxc3 18.Qxc3 Bh6 19.Bf2 f5 20.O-O Nf6 21.Bd3 Ra2 22.Rb2 Ra8 23.c5 Bxd2
24.Qxd2 fxe4 25.fxe4 Kg7 26.h3 Ng8 27.b5 dxc5 28.Qc3 Nh6 29.Qxc5 Rc8 30.Bh4 Rxf1+
31.Bxf1 Qf8 32.Be7 Qe8 33.b6 Ng8 34.Bg5 Qf8 35.Qc3 cxb6 36.Qxe5+ Kh7 37.Rf2 Qc5
38.Qf4 Be8 39.Qe3 b5 40.Qxc5 Rxc5 41.Rf8 Rc8 42.Bxb5  1-0

[Event "AUT-chT"]
[Site "?"]
[Date "1993.??.??"]
[Round "?"]
[White "Danner, Georg"]
[Black "Stanec, Nikolaus"]
[Result "0-1"]
[WhiteElo "2385"]
[BlackElo "2425"]

1.d4 Nf6 2.c4 g6 3.Nc3 Bg7 4.e4 d6 5.Nf3 O-O 6.Be2 e5 7.d5 a5 8.Bg5 h6 9.Bh4 Na6
10.Nd2 Qe8 11.a3 Bd7 12.b3 Nh7 13.f3 h5 14.Rb1 Bh6 15.Bf2 Qe7 16.b4 axb4
17.axb4 h4 18.c5 dxc5 19.b5 Nb4 20.Nc4 h3 21.g3 f5 22.b6 c6 23.d6 Qf6 24.O-O Ng5
25.Bxc5 Na6 26.Be3 f4 27.gxf4 Nf7 28.Kh1 Bxf4 29.Bxf4 Qxf4 30.Rg1 Kh7 31.Rg3 Nc5
32.Bf1 Kg7 33.Ne2 Qf6 34.Qc2 Ng5 35.Ne3 Na4 36.Ng1 Qf4 37.Nc4 Nc5 38.Qd2 Ngxe4
39.fxe4 Qxe4+ 40.Nf3 Qxb1 41.Ncxe5 Qxf1+ 42.Rg1 Rxf3 43.Qd4 Rf6 44.Qxc5 Ra1  0-1

[Event "AUT-chT"]
[Site "?"]
[Date "1993.??.??"]
[Round "?"]
[White "Danner, Georg"]
[Black "Sinowjew, Juri"]
[Result "1-0"]
[WhiteElo "2340"]
[BlackElo "2380"]

1.d4 Nf6 2.c4 g6 3.Nc3 Bg7 4.e4 d6 5.Nf3 O-O 6.Be2 e5 7.d5 a5 8.Bg5 h6 9.Bh4 Na6
10.Nd2 Qe8 11.a3 Bd7 12.b3 Nh7 13.f3 f5 14.Rb1 Nf6 15.Bf2 h5 16.b4 axb4 17.axb4 Qe7
18.c5 dxc5 19.Bxa6 cxb4 20.Bc4 bxc3 21.d6+ Qe6 22.O-O cxd2 23.Bxe6+ Bxe6
24.Qxd2 fxe4 25.dxc7 exf3 26.gxf3 Bd5 27.Bh4 Bc6 28.Rbd1 Nd5 29.Bd8 Rf7 30.Qxd5 Bxd5
31.Rxd5 Rc8 32.Rc1 Kf8 33.Kg2 Ke8 34.Rd6 g5 35.Re6+ Kd7 36.Rb6 Rxd8 37.Rd6+  1-0

[Event "AUT-chT2S 9293"]
[Site "AUT"]
[Date "1993.??.??"]
[Round "?"]
[White "Jetzl, Joerg"]
[Black "Wallner, Walter"]
[Result "0-1"]
[WhiteElo "2240"]
[BlackElo "2240"]

1.d4 Nf6 2.c4 g6 3.Nc3 Bg7 4.e4 d6 5.Nf3 O-O 6.Be2 Nbd7 7.O-O e5 8.Re1 Re8
9.Bf1 c6 10.Qc2 a5 11.h3 exd4 12.Nxd4 Nc5 13.Bg5 h6 14.Bh4 g5 15.Bg3 Nh5
16.Nde2 Be5 17.Rad1 Qe7 18.Bh2 Be6 19.g3 Qf6 20.Qc1 Bxc4 21.f4 gxf4 22.gxf4 Kh7
23.Bg2 Rg8 24.Qe3 Qg6 25.Qf3 Bxc3 26.Nxc3 Rae8 27.f5 Qg5 28.Kh1 Nd3 29.Rg1 Ne5
30.Qf2 Nd3 31.Qe2 Ng3+ 32.Bxg3 Qxg3 33.Rd2 b5 34.Qh5 Nf2+ 35.Rxf2 Qxf2 36.b3 Bf1
37.Qxf7+ Rg7 38.Qxg7+ Kxg7 39.Bxf1+ Kf6 40.e5+ Rxe5  0-1

[Event "AUT-chT2S 9293"]
[Site "AUT"]
[Date "1993.??.??"]
[Round "?"]
[White "Titz, Heimo"]
[Black "Nickl, Klaus"]
[Result "1/2-1/2"]
[WhiteElo "2325"]
[BlackElo "2225"]

1.d4 Nf6 2.c4 g6 3.Nc3 Bg7 4.e4 d6 5.Nf3 O-O 6.Be2 e5 7.d5 a5 8.Bg5 h6 9.Bh4 Na6
10.Nd2 Qe8 11.a3 Bd7 12.b3 Nc5 13.O-O h5 14.b4 axb4 15.axb4 Na4 16.Qc2 Nxc3
17.Qxc3 Nh7 18.f3  1/2-1/2

[Event "Avesta op"]
[Site "Avesta"]
[Date "1993.??.??"]
[Round "?"]
[White "Barkhagen, Jonas"]
[Black "Holm, Magnus"]
[Result "1-0"]
[WhiteElo "2410"]
[BlackElo "2315"]

1.d4 Nf6 2.c4 g6 3.Nc3 Bg7 4.e4 d6 5.Be2 O-O 6.Nf3 e5 7.d5 a5 8.Bg5 h6 9.Bh4 Na6
10.Nd2 Qe8 11.a3 Bd7 12.b3 Nh7 13.O-O h5 14.f3 Bh6 15.Rb1 f5 16.exf5 gxf5
17.f4 exf4 18.Kh1 Nf6 19.Bxf6 Rxf6 20.Bxh5 Qe5 21.Qc2 Rff8 22.b4 axb4 23.axb4 Qf6
24.Rfe1 Qh4 25.Qd1 Bg7 26.Nb5 Rf6 27.Bf3 Rh6 28.Nf1 Be5 29.Re2 Rf8 30.Qd3 Qf6
31.Rc2 Rf7 32.c5 Rfh7 33.h3 Qh8 34.c6 Bc8 35.cxb7 Bxb7 36.Qxf5 Rf6 37.Qd7  1-0

[Event "Avoine Ronde op"]
[Site "Avoine"]
[Date "1993.??.??"]
[Round "?"]
[White "Przewoznik, Jan"]
[Black "Timoshchenko, Gennadi A"]
[Result "1/2-1/2"]
[WhiteElo "2430"]
[BlackElo "2540"]

1.Nf3 Nf6 2.c4 g6 3.Nc3 Bg7 4.e4 d6 5.d4 O-O 6.Be2 e5 7.Be3 Na6 8.O-O Ng4
9.Bg5 f6 10.Bc1 Nh6 11.dxe5 dxe5 12.h3 c6 13.Qxd8 Rxd8 14.Be3 Nf7 15.Rfd1 Rxd1+
16.Rxd1 Be6 17.a3 Bh6 18.Bxh6 Nxh6 19.b4 Nf7 20.Kf1 Kf8 21.Ke1 Ke7 22.Nd2 Rd8
23.Nb3 Rxd1+ 24.Kxd1 b6 25.Kc2 Nc7 26.Nd2 Nd8 27.Kd3 Nb7 28.Ke3 c5 29.b5 Na5
30.Nd5+ Bxd5 31.exd5 Ne8 32.h4 Nd6 33.g4 f5 34.g5  1/2-1/2

[Event "Avoine Ronde op"]
[Site "Avoine"]
[Date "1993.??.??"]
[Round "?"]
[White "Boyer, Jean Marie"]
[Black "Day, Roland"]
[Result "1-0"]
[WhiteElo "1740"]
[BlackElo "1920"]

1.d4 Nf6 2.c4 d6 3.Nc3 Nbd7 4.e4 e5 5.Nf3 g6 6.Be2 Bg7 7.O-O O-O 8.h3 exd4
9.Nxd4 Re8 10.f3 h6 11.Be3 Nf8 12.a4 Ne6 13.a5 a6 14.Na4 Nd7 15.Nxe6 Rxe6
16.c5 Qf6 17.Bc4 Re8 18.cxd6 Ne5 19.Be2 Rd8 20.f4 Nc6 21.e5 Qe6 22.Nc5 Qe8
23.d7 Bxd7 24.Nxb7 Rdb8 25.Nc5 Bf5 26.Nxa6 Rd8 27.Qc1 Rac8 28.Bb5 Bd7 29.Nc5 Nxe5
30.Bxd7 Nxd7 31.Nb7 Rb8 32.Nxd8 Bxb2 33.Qd2 Bxa1 34.Rxa1 Rxd8 35.Rd1 Qe6
36.Kf2 Re8 37.Re1 Nf6 38.Kg1 h5 39.Bf2 Ne4 40.Qc2 c6 41.a6 f5 42.a7 Ra8 43.Qa4 Qd6
44.Qc4+ Kh7 45.Qf7+ Kh6 46.Qb7 Qd8 47.Bb6 Qc8 48.Qxc8 Rxc8 49.Rd1  1-0

[Event "Avoine Ronde op"]
[Site "Avoine"]
[Date "1993.??.??"]
[Round "?"]
[White "Barre, Michel"]
[Black "Whiteley, Andrew J"]
[Result "1/2-1/2"]
[WhiteElo "1670"]
[BlackElo "2315"]

1.d4 Nf6 2.c4 g6 3.Nc3 Bg7 4.e4 d6 5.Nf3 O-O 6.Be2 e5 7.dxe5 dxe5 8.O-O Nbd7
9.h3 c6 10.Be3 Qe7 11.Qc2 Nh5 12.Rad1 Nf4 13.Rfe1 Nxe2+ 14.Nxe2 f5 15.exf5 gxf5
16.Bg5 Qf7 17.Bc1 e4 18.Ng5 Qe7 19.Nc3 Ne5 20.b3 h6 21.Ngxe4 fxe4 22.Nxe4 Bf5
23.Re3 Rae8 24.Qe2 Bxe4 25.Rxe4 Qf7 26.Ba3 Ng6 27.Bxf8 Rxf8 28.Qf3 Qxf3 29.gxf3 Rxf3
30.Rd7 Rf7 31.Re8+ Bf8 32.Rxf7 Kxf7 33.Rb8 b6 34.Rb7+ Ke6 35.Rxa7 Nf4 36.h4 Be7
37.Ra6 Bd8 38.c5 Nd5 39.a4 h5 40.cxb6 Nb4 41.Ra5 Bxb6 42.Rxh5 Nd3 43.Rh6+ Kd5
44.Rf6 Bd8 45.Rh6 Bb6 46.Rf6  1/2-1/2

[Event "Bad Ragaz op"]
[Site "?"]
[Date "1993.??.??"]
[Round "4"]
[White "Huss, Andreas"]
[Black "Ziger, Silvestar"]
[Result "1-0"]
[WhiteElo "2410"]
[BlackElo "2280"]

1.d4 Nf6 2.Nf3 g6 3.c4 Bg7 4.Nc3 O-O 5.e4 d6 6.Be2 e5 7.d5 a5 8.Be3 Na6 9.Nd2 Nc5
10.a3 Bd7 11.b4 axb4 12.axb4 Rxa1 13.Qxa1 Na6 14.Qa3 Ng4 15.Bxg4 Bxg4 16.O-O f5
17.f3 f4 18.Bf2 Bc8 19.b5 Nc5 20.Bxc5 dxc5 21.Qxc5 Rf6 22.Qf2 b6 23.c5 Bf8
24.d6 Be6 25.Nd5 Bxd5 26.exd5 bxc5 27.Ne4 Rxd6 28.Nxd6 Qxd6 29.Qa2 Kg7 30.Qc4 Qb6
31.Ra1 Bd6 32.Ra6 Qb7 33.Rc6 Be7 34.Qa4 Kf7 35.Qa6 Qb8 36.b6 cxb6 37.d6 Bd8
38.Qc4+ Kf8 39.Qa6 Ke8 40.h4 h6 41.Qc4 Kd7 42.Qb5 Qa8 43.Rxb6+ Ke6 44.Ra6 Qd5
45.Qe8+ Kf5 46.Qd7+  1-0

[Event "Bad Ragaz op"]
[Site "?"]
[Date "1993.??.??"]
[Round "6"]
[White "Weindl, Alfred"]
[Black "Ziger, Silvestar"]
[Result "1-0"]
[WhiteElo "2350"]
[BlackElo "2280"]

1.d4 Nf6 2.c4 g6 3.Nc3 Bg7 4.e4 d6 5.Nf3 O-O 6.Be2 e5 7.O-O Na6 8.Re1 c6
9.Bf1 Bg4 10.d5 Nb4 11.Be2 a5 12.a3 Na6 13.h3 Bd7 14.Bg5 h6 15.dxc6 Bxc6
16.Bxf6 Qxf6 17.Bf1 Qd8 18.Rb1 Nc5 19.b4 axb4 20.axb4 Ne6 21.b5 Be8 22.Qd2 Ra3
23.Ra1 Rxa1 24.Rxa1 Nc5 25.Rd1 Qa5 26.Qxd6 Qxc3 27.Qxc5 Qc2 28.Qd5 Kh7 29.Rd2 Qc1
30.Qxb7 f5 31.Rd8 Bc6 32.bxc6 Rxd8 33.c7 Rd1 34.Nh2 fxe4 35.Qxe4  1-0

[Event "Bad Ragaz op"]
[Site "?"]
[Date "1993.??.??"]
[Round "9"]
[White "Huss, Andreas"]
[Black "Cvitan, Ognjen"]
[Result "1/2-1/2"]
[WhiteElo "2410"]
[BlackElo "2550"]

1.d4 Nf6 2.Nf3 g6 3.c4 Bg7 4.Nc3 O-O 5.e4 d6 6.Be2 e5 7.d5 a5 8.O-O Na6 9.Ne1 Nc5
10.f3 Nh5 11.g3 Bh3 12.Rf2 f5 13.Nd3 Nxd3 14.Bxd3 Nf6 15.Bf1  1/2-1/2

[Event "Wch Seniors (Women)"]
[Site "Bad Wildbad"]
[Date "1993.??.??"]
[Round "3"]
[White "Zatulovskaya, Tatiana"]
[Black "Donnelly, Ruth A"]
[Result "1-0"]
[WhiteElo "2160"]
[BlackElo "2030"]

1.d4 Nf6 2.Nf3 g6 3.c4 Bg7 4.Nc3 O-O 5.e4 d6 6.Be2 e5 7.O-O Nbd7 8.Be3 c6
9.h3 Nh5 10.Qd2 f5 11.exf5 gxf5 12.Bg5 Qe8 13.dxe5 dxe5 14.Rfe1 Nhf6 15.b4 f4
16.Bd3 h6 17.Bxf4 Ne4 18.Rxe4 Qh5 19.Bg3 Nb6 20.Rh4 Qe8 21.Bxe5 Bxe5 22.Qxh6 Qf7
23.Nxe5  1-0

[Event "Badalona op"]
[Site "Badalona"]
[Date "1993.??.??"]
[Round "2"]
[White "Llanos, Guillermo"]
[Black "Fernandez Lopez, Felix"]
[Result "1-0"]
[WhiteElo "2340"]
[BlackElo "2330"]

1.d4 Nf6 2.c4 g6 3.Nc3 Bg7 4.e4 d6 5.Nf3 O-O 6.Be2 e5 7.O-O exd4 8.Nxd4 Re8
9.f3 c6 10.Kh1 Nbd7 11.Bg5 Qb6 12.Nb3 a5 13.Qd2 a4 14.Be3 Qb4 15.Nd4 d5 16.cxd5 cxd5
17.Ndb5 Qa5 18.exd5 Nxd5 19.Nxd5 Qxd2 20.Bxd2 Rxe2 21.Bb4 a3 22.Bxa3 Bxb2
23.Bxb2 Rxb2 24.a4 Rd2 25.Rad1 Rxd1 26.Rxd1 Kf8 27.Nd6 Ne5 28.Nb6  1-0